Vzťah ekonomickej úrovne krajín a parametrov zamestnanosti bakalárska práca
Enregistré dans:
| Auteur principal: | |
|---|---|
| Collectivité auteur: | |
| Autres auteurs: | |
| Format: | Livre |
| Langue: | slovaque |
| Publié: |
Bratislava
2014
|
| Tags: |
Pas de tags, Soyez le premier à ajouter un tag!
|
MARC
| LEADER | 00000nbm a2200000 4500 | ||
|---|---|---|---|
| 001 | 0189435 | ||
| 005 | 20170201085433.3 | ||
| 041 | 0 | |a slo | |
| 044 | |a SK | ||
| 245 | 1 | 0 | |a Vzťah ekonomickej úrovne krajín a parametrov zamestnanosti |b bakalárska práca |c Žaneta Gajdošová ; školiteľ: Karol Morvay |
| 264 | 1 | |a Bratislava |c 2014 | |
| 300 | |a 47 s. | ||
| 100 | 1 | |a Gajdošová, Žaneta | |
| 700 | 1 | |a Morvay, Karol, 1973- | |
| 710 | 2 | |a Národohospodárska fakulta EU. Katedra hospodárskej politiky | |